Statistics for Nicki Minaj's Discography

Click here to take the quiz!

General Stats

  • This quiz has been taken 72 times
  • The average score is 7 of 10

Answer Stats

Answer% Correct
Pink Friday (2010)
100%
Pink Friday 2 (2023)
96%
The Pinkprint (2014)
96%
Queen (2018)
85%
Pink Friday: Roman Reloaded (2012)
81%
Queen Radio: Volume 1 (2022)
70%
Beam Me Up Scotty (2009)
67%
Pink Friday: Roman Reloaded – The Re-Up (2012)
56%
Playtime Is Over (2007)
48%
Sucka Free (2008)
41%

Score Distribution

Percentile by Number Answered

Percent of People with Each Score

Your Score History

You have not taken this quiz